ARRUPE JESUIT UNIVERSITY

CORONAVIRUS -STOP THE SPREAD - CLEAN,DISINFECT,COVER

I write what l like: (Record no. 27448)

MARC details
000 -LEADER
fixed length control field 00519nam a2200217Ia 4500
003 - CONTROL NUMBER IDENTIFIER
control field 0100
005 - DATE AND TIME OF LATEST TRANSACTION
control field 20180222153132.0
008 - FIXED-LENGTH DATA ELEMENTS--GENERAL INFORMATION
fixed length control field 130303s9999 xx 000 0 und d
040 ## - CATALOGING SOURCE
Transcribing agency ARRUPELIB
050 ## - LIBRARY OF CONGRESS CALL NUMBER
Classification number DT763.B48 1996
300 ## - PHYSICAL DESCRIPTION
Other physical details 21cm.
100 ## - MAIN ENTRY--PERSONAL NAME
Personal name Biko, Steve
9 (RLIN) 39501
245 ## - TITLE STATEMENT
Title I write what l like:
Remainder of title a selection of his writings /
260 ## - PUBLICATION, DISTRIBUTION, ETC. (IMPRINT)
Place of publication, distribution, etc London
Name of publisher, distributor, etc Bowerdean Publishing Company
Date of publication, distribution, etc 1996
300 ## - PHYSICAL DESCRIPTION
Extent 216p.
440 ## - SERIES STATEMENT/ADDED ENTRY--TITLE
Title African Writers Series
9 (RLIN) 3197
650 ## - SUBJECT ADDED ENTRY--TOPICAL TERM
Topical term or geographic name as entry element Black nationalism
General subdivision History
-- Collected works
Geographic subdivision South Africa
9 (RLIN) 39502
700 ## - ADDED ENTRY--PERSONAL NAME
Personal name Stubbs, Aelred ed.
9 (RLIN) 39503
942 00 - ADDED ENTRY ELEMENTS (KOHA)
Koha issues (borrowed), all copies 5
Source of classification or shelving scheme Library of Congress Classification
Koha item type Monograph ( Printed materials)
Holdings
Withdrawn status Lost status Source of classification or shelving scheme Damaged status Not for loan Collection code Home library Current library Shelving location Date acquired Total Checkouts Full call number Barcode Date last seen Date checked out Copy number Price effective from Koha item type
    Library of Congress Classification     Main Collection ARRUPE LIBRARY ARRUPE LIBRARY   04/03/2013 13 DT763.B48 1996 46003062427 18/03/2024 22/02/2024 1 04/03/2013 Monograph ( Printed materials)
    Library of Congress Classification     Main Collection ARRUPE LIBRARY ARRUPE LIBRARY   04/03/2013 1 DT763.B48 1979 46003062424 07/12/2017 30/04/2014 2 04/03/2013 Monograph ( Printed materials)

 

Arrupe Library. PO Box MP320 Mt Pleasant, Harare, Zimbabwe
263 242 745411|librarian@aju.ac.zw